banner koha

Metodologia baseada no uso de sistema de informacoes geograficas para obtencao de equacoes de chuvas intensas em qualquer localidade do Estado do Parana (Registro n. 158913)

MARC details
000 -LÍDER
campo de controle de tamanho fixo 00967nas a2200301 4500
001 - NÚMERO DE CONTROLE
campo de controle BR9801364
003 - IDENTIFICADOR DO NÚMERO DE CONTROLE
campo de controle BR-BrBNA
005 - DATA E HORÁRIO DA ÚLTIMA TRANSAÇÃO
campo de controle 20231205100935.0
007 - CAMPO FIXO DE DESCRIÇÃO FÍSICA--INFORMAÇÃO GERAL
campo de controle de tamanho fixo ta
008 - CAMPO DE DADOS FIXOS--INFORMAÇÃO GERAL
campo de controle de tamanho fixo 230509b bl.|||p| |||| 00| 00por d
040 ## - FONTE DA CATALOGAÇÃO
Instituição da catalogação original BR-BrBNA
Idioma da catalogação por
Instituição que transcreveu o registro Biblioteca Nacional de Agricultura
041 ## - CÓDIGO DE IDIOMA
Código do idioma do texto/trilha sonora ou título diferente (Pt)
072 ## - CÓDIGO DE CATEGORIA DE ASSUNTO
Código de Categoria de Assunto P40
100 1# - ENTRADA PRINCIPAL--NOME PESSOAL
Nome pessoal Pruski, F.F.
100 1# - ENTRADA PRINCIPAL--NOME PESSOAL
Nome pessoal Calijuri, M.L.
100 1# - ENTRADA PRINCIPAL--NOME PESSOAL
Nome pessoal Bhering, E.M.
100 1# - ENTRADA PRINCIPAL--NOME PESSOAL
Nome pessoal Silva, J.M.A. da
245 1# - TÍTULO
Título Metodologia baseada no uso de sistema de informacoes geograficas para obtencao de equacoes de chuvas intensas em qualquer localidade do Estado do Parana
650 ## - ASSUNTO--TERMO TÓPICO
Cabeçalho tópico ou nome geográfico Chuva
650 ## - ASSUNTO--TERMO TÓPICO
Cabeçalho tópico ou nome geográfico Sistema de Informacao
650 ## - ASSUNTO--TERMO TÓPICO
Cabeçalho tópico ou nome geográfico Previsao do Tempo
650 ## - ASSUNTO--TERMO TÓPICO
Cabeçalho tópico ou nome geográfico Meteorologia
650 ## - ASSUNTO--TERMO TÓPICO
Cabeçalho tópico ou nome geográfico Precipitacao Pluvial
650 ## - ASSUNTO--TERMO TÓPICO
Cabeçalho tópico ou nome geográfico PARANÁ
773 0# - ENTRADA ANALÍTICA
Título Engenharia na Agricultura (Brazil)
ISSN - International Standard Serial Number ISSN 1414-3984
Partes relacionadas (Jul-Sep 1997), v. 5(3) p. 254-265
Número de controle do registro BR9801364
909 ## -
-- 202311
-- Lúcia
-- 55
-- Lúcia Elande
942 ## - ELEMENTOS DE ENTRADA ADICIONADOS (KOHA)
Fonte da classificação ou esquema de arquivamento na estante Classificação AGRIS
Ocultar no OPAC Não
Tipo de material Koha Analítica
Exemplares
Situação do descarte Fonte da classificação ou esquema de arquivamento na estante Situação física Não pode ser emprestado Biblioteca de origem Biblioteca atual Localização na estante Enumeração do periódico / cronologia Total de empréstimos Data de último acesso Número do exemplar Tipo de material Koha Fonte de aquisição
  Classificação AGRIS   Consulta local Biblioteca Nacional de Agricultura - Binagri Biblioteca Nacional de Agricultura - Binagri   (Jul-Sep 1997), v. 5(3) p. 254-265   29/11/2023 01 Periódicos Portaria Interministerial nº 164/94

BINAGRI

Telefone: (61)3218-2567/2388/3357/2097 - binagri@agro.gov.br

Ministério da Agricultura e Pecuária , Esplanada dos Ministérios, Bloco D, Anexo B, Brasília/DF, CEP: 70.043-900